Missing Word: Football Movies Quiz Stats

Quiz Updated May 29, 2016

Challenge
Share
Tweet
Embed
Score 0/18 Timer 02:00
0 Plays Today
Movie Missing Word % Correct
______ Night LightsFriday
95.2%
The Longest _____Yard
94.9%
Any ______ SundayGiven
94.6%
All the ____ MovesRight
91.7%
Remember the ______Titans
91.3%
_____ MaguireJerry
90.9%
The _____ SideBlind
88.2%
Brian's ____Song
77.4%
______ Can WaitHeaven
77%
Movie Missing Word % Correct
Draft ___Day
72.2%
We Are _______Marshall
71.7%
Necessary _________Roughness
66.3%
Knute Rockne All _________American
60.2%
North ______ FortyDallas
59.2%
_______ BluesVarsity
58.2%
Gridiron ______Gang
39.5%
Horse ______Feathers
30.9%
Paper ____Lion
26.9%

Today's Daily Dose

You're not logged in!

Compare scores with friends on all Sporcle quizzes.
Join for Free
OR
Log In

You Might Also Like...

Show Comments

Extras

Top Quizzes Today


Score Distribution

Your Account Isn't Verified!

In order to create a playlist on Sporcle, you need to verify the email address you used during registration. Go to your Sporcle Settings to finish the process.

Report this User

Report this user for behavior that violates our Community Guidelines.

Details: